Harry Potter Logic Puzzle #9 - Statistics

General Stats
  • This quiz has been taken 1,750 times
  • The average score is 10 of 15
Answer Stats
Item % Correct
Garrick Ollivander
99%
Cho Chang
79%
Cedric Diggory
75%
Thorfinn Rowle
72%
Shrieking Shack
69%
Fang
68%
Marjorie Dursley
68%
Regulus Black
68%
Buckbeak
65%
Nymphadora Tonks
62%
Sirius Black
60%
Aurora Sinistra
54%
Zonko's
54%
Hogsmeade
51%
Justin Finch-Fletchley
48%
No matching quizzes found
Score Distribution
Percent of People with Each Score
Percentile by Number Answered
Your Score History
You have not taken this quiz